Train your brain: (Record no. 172033)

MARC details
000 -LEADER
fixed length control field 00621nam a22001817a 4500
005 - DATE AND TIME OF LATEST TRANSACTION
control field 20200124171642.0
010 ## - LCCN (DPL NO)
LC control number B-731164
020 ## - INTERNATIONAL STANDARD BOOK NUMBER
International Standard Book Number 9789353047207
Terms of availability 295.00
035 ## - SYSTEM CONTROL NUMBER
System control number B-731164
037 ## - SOURCE OF ACQUISITION
Source of stock number/acquisition DBAD/PUB
Stock number dpl
100 ## - MAIN ENTRY--PERSONAL NAME
Personal name Stephen, Shireen
245 ## - TITLE STATEMENT
Title Train your brain:
Remainder of title ultimate memory hacks /
Statement of responsibility, etc by Shireen Stephen
260 ## - PUBLICATION, DISTRIBUTION, ETC. (IMPRINT)
Name of publisher, distributor, etc Rupa publication india Pvt. Ltd.
Date of publication, distribution, etc 2018
Place of publication, distribution, etc New Delhi
270 ## - ADDRESS
Address 7/16, Ansari Road, Darya Ganj
City New Delhi
Postal code 110002
300 ## - PHYSICAL DESCRIPTION
Extent x,222p.
Dimensions 19cm(pbk)
942 ## - ADDED ENTRY ELEMENTS (KOHA)
Item type English Books
Source of classification or shelving scheme Dewey Decimal Classification
Call number suffix STE
Classification part 153.14
Holdings
Withdrawn status Lost status Not for loan Collection code Home library Current library Date acquired Source of acquisition Cost, normal purchase price Full call number Barcode Copy number Cost, replacement price Koha item type
      Non-fiction Kadipur Kadipur 24/01/2020 Gift/ Eng./13.11.2019 295.00 153.14 STE B-731164 1 295.00 English Books

© Delhi Public Library
Hit Counter
free hit counter